| 000 | 01040nam a22002537a 4500 | ||
|---|---|---|---|
| 005 | 20240530110926.0 | ||
| 008 | 160203s2013 ua g b 000 0 ara d | ||
| 017 |
_a2009/22011 _bمصر . دار الكتب المصرية |
||
| 020 | _a9789774796976 | ||
| 040 | _aEG-CaGPL | ||
| 082 | 0 | 4 |
_221 _a347.07\ _bر م |
| 100 | 0 | _aرمسيس عوض | |
| 245 | 0 | 0 |
_aمحاكمات فنية وادبية وفكرية : _bمحاضر تحقيق امام لجان تحقيق امريكية وثائق مختارة / _cرمسيس عوض |
| 260 |
_aالقاهرة : _bالمركز القومى للترجمة ، _c2010 . |
||
| 300 |
_a2 جزء ؛ _c24 سم . |
||
| 490 | 0 |
_aالمشروع القومى للترجمة ؛ _v1442 |
|
| 504 | _aيشتمل على ارجاعات ببليوجرافية | ||
| 650 | 0 | 4 | _aحرية التعبير |
| 650 | 0 | 4 | _aالمحاكمات الفنية |
| 650 | 0 | 4 | _aالمحاكمات الادبية |
| 700 | 1 |
_aرمسيس عوض _eمترجم |
|
| 942 |
_2ddc _cBK |
||
| 999 |
_c66573 _d66573 |
||